Stardew Valley crops - Statistics

General Stats
  • This quiz has been taken 94 times
  • The average score is 23 of 42
Answer Stats
Answer Hint % Correct
Melon 14.17 g/d
86%
Blueberry 20.8 g/d
84%
Potato 5 g/d
84%
Corn 1.92 g/d
83%
Parsnip 3.75 g/d
83%
Pumpkin 16.92 g/d
83%
Starfruit 26.92 g/d
76%
Strawberry 20.83 g/d
76%
Wheat 3.75 g/d
76%
Ancient fruit 57.14 g/d
75%
Cauliflower 7.92 g/d
74%
Green bean 7.2 g/d
72%
Grape 16.8 g/d
64%
Sunflower -15 g/d
63%
Tomato 9.26 g/d
61%
Rice -1.25 g/d
58%
Hops 13.52 g/d
57%
Eggplant 11.2 g/d
55%
Hot pepper 10.77 g/d
53%
Poppy 5.71 g/d
53%
Yam 10 g/d
50%
Blue Jazz 2.86 g/d
49%
Tulip 1.67 g/d
49%
Cranberries 18.89 g/d
46%
Sweet gem berry 83.33 g/d
46%
Beet 13.33
45%
Garlic 5 g/d
45%
Amaranth 11.43 g/d
42%
Coffee bean -20.74 g/d
42%
Red cabbage 17.78 g/d
42%
Fairy rose 7.5 g/d
41%
Pineapple 28.57 g/d
41%
Radish 8.33 g/d
39%
Kale 6.67 g/d
38%
Taro root 10 g/d
37%
Cactus fruit 11.11 g/d
36%
Artichoke 16.25 g/d
33%
Rhubarb 9.23 g/d
33%
Bok choy 7.75 g/d
30%
Summer spangle 5 g/d
29%
Tea leaves 50 g
21%
Fiber 1 g/d
8%
No matching quizzes found
Score Distribution
Percent of People with Each Score
Percentile by Number Answered
Your Score History
You have not taken this quiz